Normal view
MARC view
- Sokal, Robert R
Entry Personal Name
001 - CONTROL NUMBER
- control field: 70597
003 - CONTROL NUMBER IDENTIFIER
- control field: NUST
005 - DATE AND TIME OF LATEST TRANSACTION
- control field: 20210628204525.0
008 - FIXED-LENGTH DATA ELEMENTS
- fixed length control field: 210628|| aca||aabn | a|a d
040 ## - CATALOGING SOURCE
- Original cataloging agency: NUST
- Transcribing agency: NUST
100 ## - HEADING--PERSONAL NAME
- Personal name: Sokal, Robert R
670 ## - SOURCE DATA FOUND
- Source citation: Work cat.: (NUST): Sokal, Robert R, The principles and practice of statistics in biomedical research, 1995
